La enseñanza del derecho constitucional en la República Democrática (Registro nro. 21817)

Detalles MARC
000 -LEADER
fixed length control field 00354 a2200109 4500
001 - CONTROL NUMBER
control field ART_42027
005 - DATE AND TIME OF LATEST TRANSACTION
control field 20260410161815.0
008 - FIXED-LENGTH DATA ELEMENTS--GENERAL INFORMATION
fixed length control field 260409a
100 1# - MAIN ENTRY--PERSONAL NAME
Personal name Gelli, María Angélica
245 10 - TITLE STATEMENT
Title La enseñanza del derecho constitucional en la República Democrática
773 0# - HOST ITEM ENTRY
Title Academia
Related parts - Año 2, Nº 3 (mar./jun. 2004)
Record control number REV4314

No hay ítems disponibles.